Revista de derecho privado y comunitario 2018 - 2 : derechos reales II /

Guardado en:
Formato: Libro
Idioma:Spanish
Publicado: Santa Fe : Rubinzal - Culzoni, 2018
Materias:
Etiquetas: Agregar Etiqueta
Sin Etiquetas, Sea el primero en etiquetar este registro!
LEADER 00631nam a22001935a 4500
001 DER.der013759
008 181121s2018####ag#||||||||||||||#||spa||
005 20230612090239.0
245 1 0 |a Revista de derecho privado y comunitario 2018 - 2 :  |b derechos reales II /  |c Alegría, Héctor. 
260 |a Santa Fe :  |b Rubinzal - Culzoni,  |c 2018 
300 |a 844 p. 
020 |a 9789873013188 
700 1 |a Alegría, Héctor,  |e dir. 
700 1 |a Mosset Iturraspe, Jorge,  |e dir. 
650 7 |a USFRUCTO 
650 7 |a PRENDA DE CREDITO 
650 7 |a DERECHO REAL DE SUPERFICIE 
650 7 |a PREHORIZONTALIDAD 
859 |a DERECHO  |b BIB. DERECHO  |h 346  |i REV  |p 008829